| 000 | 00680nam a2200229 i 4500 | ||
|---|---|---|---|
| 001 | 8857 | ||
| 003 | ES-MaACL | ||
| 005 | 20250629082009.0 | ||
| 007 | t| | ||
| 008 | 921105s1980 sp ||||1| spa d | ||
| 080 | _a86-14"19" | ||
| 080 | _a86(Camino,A.del 7 S.01) | ||
| 100 | 1 |
_aCamino, Antonio del. _934078 |
|
| 245 | 1 | 0 |
_aSegunda soledad / _cAntonio del Camino. |
| 260 |
_aTalavera de la Reina : _bAyuntamiento, _cD.L. 1980. |
||
| 300 |
_a67 p. ; _c22 cm. |
||
| 490 | 1 |
_aColección Melibea ; _v4 |
|
| 710 | 1 |
_aTalavera de la Reina. _bAyuntamiento _96902 |
|
| 830 | 0 |
_aColección Melibea ; _v4 _9178216 |
|
| 852 |
_aES-MaACL _jL-16257 _bR.121013 |
||
| 999 |
_c8857 _d8857 |
||